000 00434nam a2200181Ia 4500
005 20250603145006.0
008 250603s9999 xx 000 0 und d
020 _a9788192426419
050 _aHF 5679 .J47/
100 _aJesey, Chris
245 0 _aFundamentals of Accounting Information Systems
260 _aNew Delhi
260 _bRandom Exports
260 _c2013
300 _a288 p
650 _aNew Delhi
942 _cBK
999 _c40549
_d40549